000
00333 a2200157 4500
001
184835
020
_a
019434595-1
040
_c
Magnum
100
_a
Crowther, Terence G.
240
1
0
_a
The naughty monkey
_l
ING
245
1
0
_a
The naughty monkey
300
_a
29
362
0
_a
1997
697
_a
LITERATURA INGLESA
942
_c
BK
999
_c
184835
_d
184835